000 00547nam a2200181Ia 4500
008 100917s9999 xx 000 0 und d
082 _b44202
100 _aदेशपांडे पंडित य.
245 _aसुवर्ण गजराज
260 _bमंगल प्रकाशन
_c1980
300 _a40
365 _b2.25
520 _aबालविभाग
630 _aसुवर्ण गजराज
650 _aबालविभाग
730 _aसुवर्ण गजराज
942 _cBOOK
999 _c649596
_d649593